[Event "POL-chT 2nd League"]
[Site "Lublin"]
[Date "2006.09.10"]
[Round "9.100"]
[White "Paszkiewicz, Tomasz"]
[Black "Bujak, Jozef"]
[Result "1-0"]
[WhiteElo "2149"]
[BlackElo "2025"]
[PlyCount "75"]
[EventDate "2006.09.02"]
[EventType "team-swiss"]
[EventRounds "9"]
[EventCountry "POL"]
[SourceTitle "EXT 2019"]
[Source "ChessBase"]
[SourceDate "2018.10.10"]
[SourceVersion "1"]
[SourceVersionDate "2018.10.10"]
[SourceQuality "1"]
[WhiteTeam "Stara Wies Parnas"]
[BlackTeam "Krakow Cracovia"]
[WhiteTeamCountry "POL"]
[BlackTeamCountry "POL"]

1. e4 Nf6 2. e5 Nd5 3. d4 d6 4. Nf3 Bg4 5. h3 Bh5 6. e6 fxe6 7. g4 Bf7 8. Ng5 Bg8 9. Bd3 Nf6 10. c3 Qd7 11. Qb3 c6 12. Qc2 Na6 13. Be3 Nc7 14. Nd2 0-0-0 15. 0-0-0 Kb8 16. c4 h6 17. Ngf3 g5 18. Rhe1 Bg7 19. Qa4 Bf7 20. Nb3 Be8 21. Qa3 a6 22. Bf1 Qc8 23. Bg2 Nd7 24. Na5 Bf6 25. Rd3 Na8 26. Rb3 b6 27. c5 d5 28. cxb6 Ndxb6 29. Kb1 Ka7 30. Rc1 Rd6 31. Ne5 Bd7 32. Nf7 Qc7 33. Nxh8 Bxh8 34. Bf1 Bf6 35. Bxa6 Kxa6 36. Nxc6+ Kb7 37. Qa7+ Kc8 38. Nxe7+ 1-0

[Event "POL-chT 2nd League"]
[Site "Lublin"]
[Date "2006.09.07"]
[Round "6.101"]
[White "Paszkiewicz, Tomasz"]
[Black "Slabek, Grzegorz"]
[Result "1/2-1/2"]
[WhiteElo "2149"]
[BlackElo "2182"]
[PlyCount "87"]
[EventDate "2006.09.02"]
[EventType "team-swiss"]
[EventRounds "9"]
[EventCountry "POL"]
[SourceTitle "EXT 2019"]
[Source "ChessBase"]
[SourceDate "2018.10.10"]
[SourceVersion "1"]
[SourceVersionDate "2018.10.10"]
[SourceQuality "1"]
[WhiteTeam "Stara Wies Parnas"]
[BlackTeam "Krakow KKSz"]
[WhiteTeamCountry "POL"]
[BlackTeamCountry "POL"]

1. e4 d5 2. exd5 Nf6 3. d4 Nxd5 4. c4 Nb6 5. Nf3 g6 6. Be2 Bg7 7. 0-0 0-0 8. h3 Nc6 9. Be3 e5 10. d5 Ne7 11. Nc3 Nf5 12. Qd2 Nxe3 13. Qxe3 Qe7 14. Rfd1 f5 15. Qd2 e4 16. Nd4 f4 17. c5 e3 18. d6 cxd6 19. cxd6 exf2+ 20. Kxf2 Qxd6 21. Ncb5 Qe7 22. Nf3 Bd7 23. Nd6 Bc6 24. Re1 Qe3+ 25. Qxe3 fxe3+ 26. Kxe3 Bxb2 27. Rab1 Ba3 28. Nc4 Bc5+ 29. Kd2 Rad8+ 30. Kc1 Rfe8 31. Nxb6 Ba3+ 32. Kc2 axb6 33. Bc4+ Kg7 34. Rxe8 Rxe8 35. Rxb6 Bc5 36. Rb2 b6 37. Kd1 Kf6 38. Re2 Rxe2 39. Kxe2 h6 40. g3 Bd7 41. h4 Bg4 42. Bd5 Bf5 43. Ke1 b5 44. Ke2 1/2-1/2

[Event "POL-chT 2nd div South"]
[Site "Polanica Zdroj"]
[Date "1999.??.??"]
[Round "6"]
[White "Paszkiewicz, Tomasz"]
[Black "Janik, Robert"]
[Result "1/2-1/2"]
[WhiteElo "2126"]
[BlackElo "2120"]
[PlyCount "44"]
[EventDate "1999.09.17"]
[EventType "team-swiss"]
[EventRounds "10"]
[EventCountry "POL"]
[SourceTitle "EXT 2001"]
[Source "ChessBase"]
[SourceDate "2000.11.22"]
[SourceVersion "1"]
[SourceVersionDate "2000.11.22"]
[SourceQuality "1"]
[WhiteTeam "POL-chT 2nd div South 22"]
[BlackTeam "POL-chT 2nd div South 15"]
[WhiteTeamCountry "POL"]
[BlackTeamCountry "POL"]

1. Nf3 d5 2. d4 Nf6 3. c4 c6 4. Nc3 dxc4 5. a4 Bg4 6. Ne5 Nbd7 7. Nxg4 Nxg4 8. e4 e5 9. Qxg4 exd4 10. Na2 d3 11. Bd2 Nf6 12. Qf3 Qd4 13. 0-0-0 Be7 14. Nc3 Qb6 15. Re1 Nd7 16. Qd1 Nc5 17. Kb1 Nb3 18. Ka2 Rd8 19. f4 Qa6 20. Re3 Bb4 21. Rxd3 Rxd3 22. Bxd3 Nxd2 1/2-1/2